Countries A-Z Closest To An Unknown Country #15 - Statistics

General Stats
  • This quiz has been taken 225 times
  • The average score is 23 of 25
Answer Stats
Letter Country % Correct
O Oman
98%
R Russia
98%
Q Qatar
97%
Y Yemen
97%
Z Zambia
97%
J Jordan
95%
U Uzbekistan
95%
H Hungary
93%
D Denmark
92%
E Estonia
92%
F Finland
92%
G Georgia
92%
T Turkmenistan
92%
V Vatican City
92%
A Afghanistan
90%
M Mongolia
90%
P Pakistan
90%
I Iran
89%
C China
88%
Unknown Country: Kazakhstan
88%
K Kyrgyzstan
88%
N Nepal
87%
L Latvia
83%
B Belarus
81%
S Syria
75%
No matching quizzes found
Score Distribution
Percent of People with Each Score
Percentile by Number Answered
Your Score History
You have not taken this quiz